000 01821nam a2200253Ia 4500
008 260220t1948||||xx |||||||||||||| ||spa||
040 _aPY-SlUNAC
_bspa
_erda
041 _aspa
082 _a185
_bF766a
100 _aFovillée, Alfredo
_eAutor
245 0 _aAristóteles y su polémica contra Platón /
_cpor Alfredo Fovillée [Autor]
250 _aSegunda edición
264 _aBuenos Aires :
_bEspasa-Calpe,
_c℗1948.
300 _a1 volumen
520 _aEn "Aristóteles y su polémica contra Platón", Alfredo Fovillée analiza la relación filosófica entre dos de los más influyentes pensadores de la historia. El autor aborda las críticas de Aristóteles a la teoría de las Ideas de Platón, destacando cómo el filósofo de Estagira cuestiona la existencia de entidades separadas del mundo sensible. Fovillée profundiza en las diferencias epistemológicas y metafísicas entre ambos, subrayando el enfoque empírico de Aristóteles frente al idealismo platónico. A través de un examen detallado de las obras de ambos filósofos, el texto expone las implicaciones de sus debates sobre la naturaleza del conocimiento, la realidad y la ética. Además, se discuten las repercusiones de esta controversia en el desarrollo posterior de la filosofía occidental, resaltando la influencia duradera de Aristóteles en el pensamiento crítico. El libro se presenta como una contribución significativa al estudio de la historia de la filosofía, ofreciendo una visión clara y accesible de estas ideas complejas y su relevancia contemporánea.
653 _aFilosofía
653 _aHistoria de la filosofía
653 _aPlatón
942 _b2026/02/17
_cBK
999 _c6825
_d6825